Slovak Journal of Political Sciences

Originálne príspevky venované politológii, medzinárodným vzťahom, sociológii, európskym štúdiám a verejnej politike.

Salvato in:
Dettagli Bibliografici
Natura: Periodico
Lingua:inglese
Pubblicazione: Trnava University of Saints Cyril and Methodius in Trnava. Faculty of Social Sciences.
Soggetti:
Tags: Aggiungi Tag
Nessun Tag, puoi essere il primo ad aggiungerne!!

MARC

LEADER 00000nls a2200000 4500
001 0258021
005 20250701092130.3
022 |a 1335-9096 
041 0 |a eng 
044 |a SK 
245 1 0 |a Slovak Journal of Political Sciences 
264 1 |a Trnava  |b University of Saints Cyril and Methodius in Trnava. Faculty of Social Sciences. 
500 |a Do roku 2017 bol spracovaný v printovej verzii 
520 |a Originálne príspevky venované politológii, medzinárodným vzťahom, sociológii, európskym štúdiám a verejnej politike. 
610 2 0 |a vedy spoločenské 
610 2 0 |a politológia 
610 2 0 |a sociológia 
610 2 0 |a politika verejná 
610 2 0 |a výskum aplikovaný